000 00360pam a2200157a 44500
008 230515b1986 xxu||||| |||| 00| 0 eng d
020 _aNULL
041 _aENGLISH
082 _aN.D.
100 _aPratt T. / Bostion C.W.
245 _aSatellite Communcation
250 _a0
260 _aNULL
_bJoin Wiley & Sons
_c1986
300 _a472
650 _aNULL
999 _c577960
_d577960